|
|
|
|
| LEADER |
00000nam a2200000 a 4500 |
| 001 |
UCP8276 |
| 003 |
CL-VaPUC |
| 008 |
000114e19510000CL |||||||||||||||||spa|d |
| 082 |
0 |
4 |
|a 928.61
|b ORR
|2 21
|
| 100 |
|
|
|a Orrego Vicuña, Eugenio
|e autor
|9 444141
|
| 245 |
1 |
0 |
|a Vicuña Mackenna: vida y trabajos
|
| 250 |
|
|
|a 3a. ed
|
| 300 |
|
|
|a 497 p
|
| 942 |
|
|
|c BK
|
| 945 |
|
|
|d 20000114 00:00:00
|a rherrera
|
| 260 |
|
|
|a Santiago
|b Zig-Zag
|c 1951
|
| 600 |
|
0 |
|a Vicuña Mackenna, Benjamín,
|d 1831-1886
|x Político e historiador
|z Chile
|9 374
|
| 650 |
|
0 |
|a Biografías
|9 255210
|
| 650 |
|
0 |
|a Escritores chilenos
|9 420370
|
| 650 |
|
0 |
|a Políticos
|9 256302
|
| 650 |
|
0 |
|a Vida y obra
|9 311871
|
| 651 |
|
7 |
|a CHILE
|2 CL-VaPUC
|9 438121
|
| 583 |
|
|
|a last modification
|c 20000114 00:00:00
|k Rodrigo Vera
|
| 999 |
|
|
|c 285208
|d 285206
|
| 952 |
|
|
|0 0
|1 0
|4 0
|6 928_610000000000000_ORR_1951
|7 0
|8 A
|9 329643
|a BIBHIS
|b BIBHIS
|d 2019-11-20
|i 1377574
|o 928.61 ORR 1951
|p 1377574
|r 2025-01-20
|w 2019-11-20
|y BK
|k HIS
|